| 000 | 00381 a2200109 4500 | ||
|---|---|---|---|
| 001 | ART_50335 | ||
| 005 | 20260410161810.0 | ||
| 008 | 260409a | ||
| 245 | 1 | 0 | _aTemas de "última generación" con impacto sobre el Due Diligence para abogados y contadores |
| 100 | 1 | _aPapa, Rodolfo G. | |
| 773 | 0 |
_tDoctrina Societaria y Concursal _g- N° 386 (ene. 2020) _wREV4298 |
|
| 999 |
_c21331 _d21331 |
||